[Event "Sunway Sitges Open 2017"]
[Site "Sitges ESP"]
[Date "2017.12.23"]
[Round "9.18"]
[White "Trepat Herranz, Joan"]
[Black "Alonso Rosell, Alvar"]
[Result "1/2-1/2"]
[WhiteTitle "FM"]
[BlackTitle "GM"]
[WhiteElo "2376"]
[BlackElo "2509"]
[WhiteFideId "2257459"]
[BlackFideId "2270544"]
[EventDate "2017.12.15"]

1. e4 e5 2. Nf3 Nc6 3. d4 exd4 4. Nxd4 Bb4+ 5. c3 Bc5 6. Nxc6 bxc6 7. Bd3 d6 8.
O-O Nf6 9. Nd2 Be6 10. Nb3 Bb6 11. Nd4 Bd7 12. Nf5 Bxf5 13. exf5 O-O 14. Bg5 d5
15. Qf3 Re8 16. Rfe1 Qd6 17. Bf4 Qc5 18. Bg3 a5 19. Bh4 Qd6 20. Bg3 Qc5 21. Bh4
Qd6 22. Bg3 Qc5 1/2-1/2

[Event "Sunway Sitges Open 2017"]
[Site "Sitges ESP"]
[Date "2017.12.23"]
[Round "9.19"]
[White "Valenzuela Gomez, Fernando"]
[Black "Liu, Guanchu"]
[Result "1/2-1/2"]
[WhiteTitle "FM"]
[BlackTitle "IM"]
[WhiteElo "2385"]
[BlackElo "2462"]
[WhiteFideId "3409392"]
[BlackFideId "8603901"]
[EventDate "2017.12.15"]

1. d4 e6 2. c4 Nf6 3. Nc3 Bb4 4. e3 b6 5. Ne2 Ba6 6. a3 Bxc3+ 7. Nxc3 d5 8. cxd5
Bxf1 9. Kxf1 exd5 10. Qf3 O-O 11. g4 Re8 12. Bd2 Nc6 13. g5 Ne4 14. Nxe4 dxe4
15. Qf5 Ne5 16. Qxe4 Nc4 17. Qc2 Qd5 18. Rg1 Qb5 19. Ke1 c5 20. a4 Qa6 21. Bc3
cxd4 22. Bxd4 Rac8 23. Qe2 b5 24. b3 Qa5+ 25. Kd1 Nd6 26. axb5 Qb4 27. Qd3 Nxb5
28. Ra4 Nc3+ 29. Qxc3 Qxc3 30. Bxc3 Rxc3 31. Ke2 1/2-1/2

[Event "Sunway Sitges Open 2017"]
[Site "Sitges ESP"]
[Date "2017.12.23"]
[Round "9.20"]
[White "Akshat, Khamparia"]
[Black "Saduakassova, Dinara"]
[Result "1/2-1/2"]
[WhiteTitle "IM"]
[BlackTitle "IM"]
[WhiteElo "2364"]
[BlackElo "2460"]
[WhiteFideId "5016541"]
[BlackFideId "13700090"]
[EventDate "2017.12.15"]

1. d4 Nf6 2. c4 b6 3. Nc3 Bb7 4. f3 d5 5. cxd5 Nxd5 6. e4 Nxc3 7. bxc3 e5 8.
dxe5 Qe7 9. Bf4 Nd7 10. Qb3 O-O-O 11. O-O-O g5 12. Be3 Bg7 13. Nh3 Nc5 14. Rxd8+
Rxd8 15. Qc4 Ne6 16. Qb4 c5 17. Qa4 Kb8 18. Bc4 Bxe5 19. Bxe6 Rd3 20. Bxg5 Qxe6
21. Rd1 Rxc3+ 22. Kb1 Rc4 23. Rd8+ Kc7 24. Rd7+ Qxd7 25. Qxc4 Bxh2 26. Nf2 Bc6
27. Ng4 Bb5 28. Qb3 Bg3 29. Kc1 Ba4 30. Qc4 Bb5 31. Qb3 c4 32. Qa3 Ba4 33. Ne3
Kb7 34. Qc3 Bb5 35. Nd5 Bf2 36. Bf4 Bc5 37. Qe5 Qd8 38. Qg7 Be8 39. Qxh7 Bd4 40.
Qg8 Qc8 41. Nc7 Be3+ 42. Bxe3 Kxc7 43. Bf4+ Kb7 44. Qf8 a5 45. Qe7+ Ka6 46. Bc7
Qd7 1/2-1/2

[Event "Sunway Sitges Open 2017"]
[Site "Sitges ESP"]
[Date "2017.12.23"]
[Round "9.21"]
[White "Arman, Deniz"]
[Black "Cruz, Jonathan"]
[Result "1-0"]
[WhiteTitle "FM"]
[BlackTitle "IM"]
[WhiteElo "2324"]
[BlackElo "2432"]
[WhiteFideId "6302106"]
[BlackFideId "3802124"]
[EventDate "2017.12.15"]

1. e4 e5 2. Nf3 Nc6 3. Bc4 g6 4. d4 exd4 5. Bg5 Be7 6. Bxe7 Qxe7 7. O-O Nf6 8.
e5 Ng4 9. h3 Ngxe5 10. Nxe5 Nxe5 11. f4 Qc5 12. fxe5 Qxc4 13. Qf3 O-O 14. Nd2
Qc6 15. Ne4 f5 16. exf6 d5 17. f7+ Kg7 18. Ng3 Qe6 19. Rae1 Rxf7 20. Nh5+ Kg8
21. Qd3 Rxf1+ 22. Qxf1 gxh5 23. Rxe6 Bxe6 24. Qb5 Bf7 25. Qxb7 Re8 26. Qxa7 Bg6
27. Qxd4 Be4 28. Qc5 Re6 29. Qxc7 Rg6 30. g3 h6 31. c4 Rg7 32. Qd6 Rg6 33. Qf4
Rg5 34. cxd5 Bxd5 35. a4 Be6 36. a5 Bc8 1-0

[Event "Sunway Sitges Open 2017"]
[Site "Sitges ESP"]
[Date "2017.12.23"]
[Round "9.22"]
[White "Raja, Harshit"]
[Black "Nandhidhaa, PV"]
[Result "1-0"]
[WhiteTitle "IM"]
[BlackTitle "WIM"]
[WhiteElo "2420"]
[BlackElo "2196"]
[WhiteFideId "5089000"]
[BlackFideId "5050847"]
[EventDate "2017.12.15"]

1. e4 c5 2. Nf3 e6 3. d4 cxd4 4. Nxd4 Nc6 5. Nc3 Qc7 6. Be3 a6 7. Qd2 Nf6 8. f4
Bb4 9. Bd3 Ng4 10. Bg1 e5 11. Nxc6 bxc6 12. a3 Be7 13. h3 Bh4+ 14. Kd1 Nf6 15.
fxe5 Qxe5 16. Bh2 Bg3 17. Bxg3 Qxg3 18. e5 Nd5 19. Nxd5 cxd5 20. Re1 O-O 21. Qe3
Qh4 22. Kd2 Rb8 23. g3 Qxh3 24. Rh1 Qg2+ 25. Kc3 h6 26. Kd4 d6 27. exd6 Bg4 28.
Rhg1 Qh3 29. Qf4 Bc8 30. g4 Qh4 31. b4 a5 32. Kc3 Bd7 33. Rae1 Rfc8+ 34. Kd2 Be6
35. Re5 axb4 36. Rh5 Qd8 37. Rxh6 gxh6 38. Qxh6 Qxd6 39. Bh7+ Kh8 40. Bd3+ Kg8
41. Bh7+ Kh8 42. Qf6+ 1-0

[Event "Sunway Sitges Open 2017"]
[Site "Sitges ESP"]
[Date "2017.12.23"]
[Round "9.23"]
[White "Mahalakshmi, M"]
[Black "Khademalsharieh, Sarasadat"]
[Result "1/2-1/2"]
[WhiteTitle "WIM"]
[BlackTitle "IM"]
[WhiteElo "2151"]
[BlackElo "2406"]
[WhiteFideId "5001080"]
[BlackFideId "12512214"]
[EventDate "2017.12.15"]

1. d4 d5 2. Bf4 Nf6 3. e3 c5 4. c3 Nc6 5. Nd2 e6 6. Bd3 Qb6 7. Qc1 Nh5 8. Bg5 h6
9. Bh4 g5 10. Bg3 Bd7 11. Ngf3 Nxg3 12. hxg3 g4 13. dxc5 Bxc5 14. Nd4 h5 15.
N2b3 Bd6 16. Nxc6 Bxc6 17. Nd4 Bd7 18. Qc2 Qa5 19. Qb3 O-O-O 20. Bb5 Bxb5 21.
Qxb5 Qc7 22. O-O-O a6 23. Qd3 Rh6 24. Kb1 Be5 25. Qe2 Kb8 26. Nb3 f5 27. Nd4 Rc8
28. Rc1 Qg7 29. Qd1 Rc4 30. Qb3 Qg6 31. Ka1 Ka7 32. Qa3 Qe8 33. Qb3 Qe7 34. Rcd1
Bf6 35. a3 Rh8 36. Ne2 Be5 37. Nd4 Bf6 38. Ne2 Bg5 39. Rd4 Rc7 40. Nf4 Bxf4 41.
Rxf4 h4 42. gxh4 Rxh4 43. Rxh4 Qxh4 44. Qb4 Qh1+ 45. Ka2 Qd1 46. Qa5 Rc6 47. Qd8
Qh1 48. Rb4 Qh7 49. Qf6 1/2-1/2

[Event "Sunway Sitges Open 2017"]
[Site "Sitges ESP"]
[Date "2017.12.23"]
[Round "9.24"]
[White "Das, Arghyadip"]
[Black "Lopez Mulet, Inigo"]
[Result "0-1"]
[WhiteTitle "IM"]
[BlackTitle "FM"]
[WhiteElo "2451"]
[BlackElo "2304"]
[WhiteFideId "5003610"]
[BlackFideId "22235620"]
[EventDate "2017.12.15"]

1. e4 e6 2. d4 d5 3. Nc3 Nf6 4. Bg5 Bb4 5. e5 h6 6. Bc1 Ne4 7. Qg4 g6 8. Ne2 c5
9. a3 Bxc3+ 10. Nxc3 Nxc3 11. bxc3 Qa5 12. Bd2 Qa4 13. Qf3 cxd4 14. Bd3 dxc3 15.
Bxc3 b6 16. Bb4 Nc6 17. Qf6 Rg8 18. Bd6 Qa5+ 19. Ke2 Ba6 20. Rhc1 Qa4 21. Kf1
Rd8 22. Kg1 Bc4 23. Rab1 Qa6 24. Rb4 Qxa3 25. Rcb1 Qc3 26. Bxc4 dxc4 27. Qh4
Qxc2 28. R4b2 Qd3 29. h3 g5 30. Qg4 h5 31. Qxh5 g4 32. Re1 c3 33. Ra2 gxh3 34.
g3 Qd5 0-1

[Event "Sunway Sitges Open 2017"]
[Site "Sitges ESP"]
[Date "2017.12.23"]
[Round "9.25"]
[White "Matinian, Nikita"]
[Black "Kaasen, Tor Fredrik"]
[Result "1-0"]
[WhiteTitle "GM"]
[BlackTitle "FM"]
[WhiteElo "2499"]
[BlackElo "2347"]
[WhiteFideId "24129100"]
[BlackFideId "1516647"]
[EventDate "2017.12.15"]

1. e4 e5 2. Nf3 Nc6 3. Bb5 a6 4. Ba4 Nf6 5. O-O Be7 6. Re1 b5 7. Bb3 d6 8. c3
O-O 9. h3 Nb8 10. d4 Nbd7 11. Nbd2 Bb7 12. Bc2 Re8 13. Nf1 Bf8 14. Ng3 g6 15. a4
Nb6 16. a5 Nbd7 17. b3 Bg7 18. d5 Rc8 19. Be3 c6 20. c4 Qe7 21. Qd2 cxd5 22.
cxd5 Rc7 23. b4 Rec8 24. Bd3 Kh8 25. Rad1 Ng8 26. Nf1 Qf8 27. g4 Ne7 28. Ng3 h6
29. Nh4 Kh7 30. Kh2 Bf6 31. Nf3 Bg7 32. Rg1 Rc3 33. Ne2 Rb3 34. g5 f6 35. gxh6
Bxh6 36. Rc1 Bxe3 37. fxe3 Qh6 38. Rg4 g5 39. Rg3 Qg6 40. Rxc8 Bxc8 41. Bc2 Rb2
42. Qc3 Ra2 43. Nc1 Rxc2+ 44. Qxc2 Kh6 45. Nb3 Nf8 46. Qc7 Qf7 47. Qxd6 Nfg6 48.
Nc5 Kg7 49. Qd8 Ng8 50. Qxc8 1-0

[Event "Sunway Sitges Open 2017"]
[Site "Sitges ESP"]
[Date "2017.12.23"]
[Round "9.26"]
[White "Charochkina, Daria"]
[Black "Karthik, Venkataraman"]
[Result "0-1"]
[WhiteTitle "IM"]
[BlackTitle "FM"]
[WhiteElo "2317"]
[BlackElo "2475"]
[WhiteFideId "4180917"]
[BlackFideId "25006479"]
[EventDate "2017.12.15"]

1. d4 Nf6 2. c4 e6 3. Nc3 Bb4 4. Qc2 O-O 5. a3 Bxc3+ 6. Qxc3 b5 7. cxb5 c6 8. e3
Bb7 9. Nf3 cxb5 10. Bxb5 Ne4 11. Qb3 Bd5 12. Bc4 Qa5+ 13. Nd2 Rc8 14. Qb5 Qxb5
15. Bxb5 Nd6 16. Bd3 Bxg2 17. Rg1 Bb7 18. Nb3 Ba6 19. Bb1 Bc4 20. Nc5 Na6 21. b4
Nb8 22. Bb2 Ne8 23. Be4 Bd5 24. Bd3 d6 25. Ne4 Nd7 26. Nd2 Nb6 27. e4 Na4 28.
Bc1 Bb7 29. Ke2 Nf6 30. f3 d5 31. e5 Nh5 32. Nb3 Bc6 33. Bd2 a6 34. Nc5 Nb2 35.
a4 Nxd3 36. Kxd3 Be8 37. Rg5 f6 38. exf6 Bg6+ 39. Kc3 gxf6 40. Rgg1 Ng7 41. Bf4
e5 42. dxe5 Ne6 43. Bg3 Nxc5 44. bxc5 fxe5 45. Bxe5 Rxc5+ 46. Kd4 Rac8 47. Rgd1
Kf7 48. Ke3 Ke6 49. f4 Rc4 50. Rd2 Rb4 51. a5 Rb3+ 52. Kf2 Be4 53. Rg1 Rh3 54.
Rg7 Rxh2+ 55. Ke3 Rh3+ 56. Kf2 Rc5 57. Rb2 Rh2+ 58. Ke3 Rxb2 59. Bxb2 Rxa5 60.
Ra7 Ra2 61. Be5 h5 62. Bb8 h4 63. Rb7 0-1

[Event "Sunway Sitges Open 2017"]
[Site "Sitges ESP"]
[Date "2017.12.23"]
[Round "9.27"]
[White "Kholopov, Alexander A."]
[Black "Das, Sayantan"]
[Result "0-1"]
[WhiteTitle "FM"]
[BlackTitle "IM"]
[WhiteElo "2292"]
[BlackElo "2442"]
[WhiteFideId "4148100"]
[BlackFideId "5034426"]
[EventDate "2017.12.15"]

1. Nf3 c5 2. c4 Nc6 3. Nc3 Nd4 4. Nxd4 cxd4 5. Nb5 e5 6. e3 a6 7. Na3 Qh4 8. Be2
Nf6 9. O-O dxe3 10. dxe3 Be7 11. b3 O-O 12. Bb2 Rd8 13. Qc1 d6 14. Nb1 Be6 15.
Nc3 Rac8 16. Qb1 Bd7 17. Rd1 h5 18. Qd3 Bc6 19. Nd5 Bxd5 20. cxd5 Rc5 21. g3 Qg5
22. Bf3 Nd7 23. h4 Qh6 24. Rac1 g5 25. Qf5 gxh4 26. Qxh5 Qxh5 27. Bxh5 hxg3 28.
fxg3 Bg5 29. Kf2 f5 30. b4 Rcc8 31. Bg6 Rxc1 32. Rxc1 Nb6 33. Bxf5 Rf8 34. g4
Nxd5 35. Ke2 Nxe3 36. Be6+ Kg7 37. Rc7+ Kf6 38. Bb3 Rh8 39. Bc1 Nxg4 40. Bxg5+
Kxg5 41. Rxb7 e4 42. Bc4 Rh2+ 43. Ke1 Ne5 44. Bxa6 Rxa2 45. Rb6 d5 46. Bb7 Nd3+
47. Kf1 e3 48. Re6 Rf2+ 49. Kg1 e2 0-1

[Event "Sunway Sitges Open 2017"]
[Site "Sitges ESP"]
[Date "2017.12.23"]
[Round "9.28"]
[White "Starostits, Ilmars"]
[Black "Cruz, Filemon"]
[Result "1-0"]
[WhiteTitle "GM"]
[BlackTitle "IM"]
[WhiteElo "2427"]
[BlackElo "2304"]
[WhiteFideId "11600748"]
[BlackFideId "3800296"]
[EventDate "2017.12.15"]

1. d4 Nf6 2. Nf3 e6 3. e3 c5 4. Bd3 b6 5. O-O Bb7 6. b3 Be7 7. Bb2 O-O 8. Nbd2
Nc6 9. a3 Rc8 10. Qe2 Qc7 11. Rfe1 d6 12. Nf1 Rfe8 13. Ng3 Nb8 14. e4 cxd4 15.
Nxd4 Nbd7 16. Rad1 Nc5 17. Nb5 Qb8 18. e5 dxe5 19. Bxe5 Qa8 20. Bxf6 Bxf6 21.
Nd6 Bxg2 22. Bxh7+ Kf8 23. Qh5 Rc7 24. Nxe8 Kxe8 25. Be4 Bxe4 26. Nxe4 Ke7 27.
Nd6 g6 28. Qh7 Kf8 29. b4 Nb7 30. Rxe6 Nxd6 31. Rxf6 1-0

[Event "Sunway Sitges Open 2017"]
[Site "Sitges ESP"]
[Date "2017.12.23"]
[Round "9.29"]
[White "Santarius, Erik"]
[Black "Seyb, Alexander"]
[Result "1/2-1/2"]
[WhiteTitle "FM"]
[BlackTitle "IM"]
[WhiteElo "2299"]
[BlackElo "2411"]
[WhiteFideId "2025817"]
[BlackFideId "4699033"]
[EventDate "2017.12.15"]

1. e4 c5 2. Nf3 d6 3. d4 cxd4 4. Nxd4 Nf6 5. Nc3 a6 6. Be3 e5 7. Nde2 Be7 8. Ng3
O-O 9. Bc4 Be6 10. Bb3 b5 11. Nf5 Nc6 12. Qf3 Bxf5 13. Qxf5 Nd4 14. Bxd4 exd4
15. Ne2 Qa5+ 16. Kf1 d3 17. cxd3 Qd2 18. Qf4 Qxb2 19. Qc1 Qxc1+ 1/2-1/2

[Event "Sunway Sitges Open 2017"]
[Site "Sitges ESP"]
[Date "2017.12.23"]
[Round "9.30"]
[White "Soham, Das"]
[Black "Garriga Cazorla, Pere"]
[Result "0-1"]
[BlackTitle "IM"]
[WhiteElo "2263"]
[BlackElo "2406"]
[WhiteFideId "35026763"]
[BlackFideId "32011601"]
[EventDate "2017.12.15"]

1. e4 c5 2. Nf3 d6 3. d4 cxd4 4. Nxd4 Nf6 5. Nc3 a6 6. Bg5 Nbd7 7. Qe2 g6 8.
O-O-O Bg7 9. h4 h5 10. Kb1 Ne5 11. f4 Bg4 12. Nf3 Nc6 13. e5 O-O 14. exf6 exf6
15. Nd5 fxg5 16. hxg5 Rc8 17. Qf2 Re8 18. Bc4 Na5 19. Bd3 Rc5 20. Nf6+ Bxf6 21.
gxf6 Qxf6 22. Rde1 Rxe1+ 23. Rxe1 Qxf4 24. Re8+ Kg7 25. Re4 Qf6 26. b4 Bxf3 27.
gxf3 d5 28. Qxc5 dxe4 29. Bxe4 Nc6 30. a4 h4 31. b5 axb5 32. axb5 Nd8 33. Qc8 b6
34. Bd5 Qd6 35. c4 Ne6 0-1

[Event "Sunway Sitges Open 2017"]
[Site "Sitges ESP"]
[Date "2017.12.23"]
[Round "9.31"]
[White "Rodriguez Alvarez, Vidal"]
[Black "Raghunandan, Kaumandur Srihari"]
[Result "1/2-1/2"]
[WhiteTitle "CM"]
[BlackTitle "IM"]
[WhiteElo "2256"]
[BlackElo "2404"]
[WhiteFideId "3901343"]
[BlackFideId "25004964"]
[EventDate "2017.12.15"]

1. d4 Nf6 2. Nf3 g6 3. c4 Bg7 4. Nc3 O-O 5. e4 d6 6. Be2 e5 7. O-O Nc6 8. d5 Ne7
9. b4 a5 10. Ba3 axb4 11. Bxb4 Re8 12. c5 dxc5 13. Bxc5 c6 14. dxc6 Qa5 15. Bxe7
Rxe7 16. Qb3 bxc6 17. Bc4 Rb7 18. Qc2 Bg4 19. Nd2 Qc5 20. Bb3 Rd8 21. Nc4 Rd4
22. Na4 Qb5 23. Rab1 Nxe4 24. Ne3 Be2 25. Bxf7+ Rxf7 26. Rxb5 Bxb5 27. Nc5 Bxf1
28. Ne6 Bb5 29. Nxd4 exd4 30. Qxe4 dxe3 31. Qxe3 Bf8 32. h3 c5 33. Qb3 Be2 34.
Qc2 Ba6 35. Qe4 Rf6 36. Qd5+ Kg7 37. Qd7+ Rf7 38. Qd5 Rf6 1/2-1/2

[Event "Sunway Sitges Open 2017"]
[Site "Sitges ESP"]
[Date "2017.12.23"]
[Round "9.32"]
[White "Ashwath, R."]
[Black "Tania, Sachdev"]
[Result "0-1"]
[BlackTitle "IM"]
[WhiteElo "2239"]
[BlackElo "2400"]
[WhiteFideId "5021049"]
[BlackFideId "5007844"]
[EventDate "2017.12.15"]

1. d4 Nf6 2. c4 e6 3. Nf3 b6 4. a3 Bb7 5. Nc3 d5 6. Qc2 Be7 7. cxd5 exd5 8. g3
O-O 9. Bg2 Re8 10. O-O Nbd7 11. Bf4 c6 12. Rad1 Nf8 13. Rfe1 Ne6 14. Be5 Nd7 15.
Bf4 Nxf4 16. gxf4 Bd6 17. e3 Nf8 18. Ne2 Ng6 19. Ng3 Bf8 20. Ne5 Rc8 21. Qa4 a5
22. Bh3 Rc7 23. Qb3 Nh4 24. Qxb6 f6 25. Nd3 Nf3+ 26. Kg2 Nxe1+ 27. Rxe1 Rce7 28.
Qxd8 Rxd8 29. Rc1 Kf7 30. Nc5 Ba8 31. Ne2 Rb8 32. Rc2 Ra7 33. Na4 Bb7 34. Kg1
Ba6 35. Nec3 Bc4 36. Bf1 Bb3 37. Rc1 Bd6 38. Be2 g5 39. fxg5 Rg8 40. Bd1 Rxg5+
41. Kh1 Bxd1 42. Nxd1 Ke6 43. f4 Rg8 44. Nf2 Rag7 45. Nc3 c5 46. Ne2 c4 47. Nc3
Rb7 48. Rc2 f5 49. Re2 Be7 50. Rc2 Rb3 51. Nfd1 Rb7 52. Nf2 Bh4 53. Nh3 Rb3 54.
Re2 Be7 55. Rc2 Rgb8 56. Nd1 c3 57. bxc3 Rb1 58. Nf2 Bxa3 59. Ra2 R8b2 0-1

[Event "Sunway Sitges Open 2017"]
[Site "Sitges ESP"]
[Date "2017.12.23"]
[Round "9.33"]
[White "Raahul, V S"]
[Black "Lillo Castany, Victor"]
[Result "0-1"]
[BlackTitle "FM"]
[WhiteElo "2175"]
[BlackElo "2396"]
[WhiteFideId "25035525"]
[BlackFideId "2278995"]
[EventDate "2017.12.15"]

1. c4 e6 2. g3 Nf6 3. Bg2 d5 4. Nf3 dxc4 5. Qa4+ c6 6. Qxc4 b5 7. Qb3 Bb7 8. O-O
Nbd7 9. d4 a6 10. a4 Be7 11. Nc3 b4 12. a5 c5 13. dxc5 Bxc5 14. Nb1 O-O 15. Be3
Bd5 16. Qd3 Qb8 17. Nbd2 Qa7 18. Bd4 Rfd8 19. Rac1 Rac8 20. Rfd1 e5 21. Bxc5
Nxc5 22. Qf5 Be6 23. Qb1 e4 24. Ng5 e3 25. fxe3 Nb3 26. Rxc8 Qxe3+ 27. Kh1 Rxc8
28. Nde4 Nxe4 29. Nxe4 Qxe2 30. Ng5 Bf5 31. Bf1 Qg4 32. Bh3 Qxh3 33. Nxh3 Bxb1
34. Rxb1 Kf8 35. Nf4 Nd2 36. Re1 Rc2 37. Re2 Rxb2 38. Nd3 Rb1+ 39. Kg2 Nc4 40.
Re4 Nxa5 41. Nxb4 Rb2+ 42. Kh3 g6 43. Nxa6 f5 44. Rb4 Rxb4 45. Nxb4 Kf7 46. g4
Kf6 47. Kg3 Ke5 48. gxf5 gxf5 49. Kf3 Nb3 50. Nd3+ Kd4 51. Kf4 Kxd3 52. Kxf5
Nd4+ 53. Kg5 Ne6+ 54. Kh6 Nf8 55. Kg7 Ke4 56. Kxf8 h5 57. Kg7 h4 58. Kf6 h3 0-1